Qué es la herencia judía /

Guardado en:
Autor Principal: Lewishon, Ludwing
Formato: Libro
Publicado: Buenos Aires : Paidós, 1965
Edición:2a. ed.
Materias:
Etiquetas: Agregar Etiqueta
Sin Etiquetas, Sea el primero en etiquetar este registro!
LEADER 00473nam a22001815a 4500
001 CEM.cems007355
005 20060214000000.0
008 130507s1965##################000#0#####d
003 CEMS
082 0 4 |a 296 
100 1 |a Lewishon, Ludwing 
245 1 0 |a Qué es la herencia judía / 
250 |a 2a. ed. 
260 |a Buenos Aires :  |b Paidós,  |c 1965 
300 |a 74 p. 
653 |a Religion 
653 |a Religion judia 
859 |a CEMS  |b BIB. CEMS - 11 de abril  |h 296  |i L589a2  |p 392.73  |t Ej.1